000 00425nam a2200145 i 4500
001 bg
100 1 _aADAMSKI, Władysław
245 0 _aDeterminanty aktywności społecznej :
_bporównawcze studium socjologiczne zbiorowości instruktorów ZHP /
_cWładysław Adamski.
260 _aWarszawa,
_c1971.
040 _cBPK
041 _apol
080 _a329.78:316
942 _cKS
008 s pl f |000 0 pol
999 _c21394
_d21394
856 _uhttp://koha.tu.koszalin.pl/cgi-bin/koha/opac-detail.pl?biblionumber=21394
_yKatalog online BPK